[Event "10th Mayors Cup Open 2017"]
[Site "masterchessopen.com Mumbai IND"]
[Date "2017.06.05"]
[Round "3.31"]
[White "Raahul,V S"]
[Black "Mohith,R"]
[Result "1-0"]
[WhiteElo "2311"]
[BlackElo "1617"]

1.c4 Nf6 2.Nc3 e6 3.e4 e5 4.Nf3 Nc6 5.d4 exd4 6.Nxd4 Bc5 7.Nf5 O-O 8.Be3 Bxe3
9.Nxe3 d6 10.Be2 Re8 11.f3 Nh5 12.O-O Nf4 13.Ncd5 Ng6 14.Rc1 Nce7 15.Qd2 Be6
16.f4 f5 17.Bd3 Rf8 18.Nxe7+ Nxe7 19.exf5 Bd7 20.Be4 Qc8 21.c5 Nxf5 22.Bxf5
Bxf5 23.cxd6 c6 24.Nxf5 Rxf5 25.Rfe1 Qd8 26.Re7 Rd5 27.Qc3 Qf8 28.Rxb7 Rxd6
29.Rc7 Rad8 30.g3 Rd2 31.Rxc6 Qf5 32.Rc8 Qg4 33.Qxd2 {#r} 1-0

[Event "52nd Capablanca Mem Elite"]
[Site "masterchessopen.com Matanzas CUB"]
[Date "2017.06.04"]
[Round "8.2"]
[White "Shankland,S"]
[Black "Sasikiran,K"]
[Result "0-1"]
[WhiteElo "2676"]
[BlackElo "2669"]

1.c4 e5 2.g3 Nc6 3.Bg2 f5 4.Nc3 Nf6 5.e3 e4 6.d3 Bb4 7.Ne2 d5 8.cxd5 Qxd5
9.dxe4 Qxd1+ 10.Kxd1 O-O 11.f4 fxe4 12.a3 Rd8+ 13.Ke1 Bxc3+ 14.Nxc3 Bf5 15.Bf1
Be6 16.b4 a5 17.b5 Ne7 18.Bg2 Bf5 19.Ra2 Rd3 20.Rc2 Rc8 21.Bf1 c6 22.Bxd3 exd3
23.Rb2 Ned5 24.Nxd5 cxd5 25.Bd2 Ne4 26.Rg1 h5 27.Rg2 a4 28.Rb4 Rc4 29.b6 Kf7
30.Rf2 g6 31.Rg2 Ke6 32.Rf2 Kf6 33.Rg2 Kf7 34.Rf2 Ke6 35.Rg2 Kd7 36.Rf2 Kc6
37.Rb1 Rc2 38.Rc1 Nxf2 39.Kxf2 Kxb6 40.Ke1 Kc5 41.Rxc2+ dxc2 42.Bb4+ Kc4
43.Kd2 Kb3 44.Kc1 b6 45.Be7 Kc3 46.Bd8 b5 47.Be7 Kd3 48.Bc5 Ke2 49.h4 Kf3
50.Kd2 Kxg3 51.Be7 Kg4 52.Bg5 Be4 53.Bf6 Bd3 54.Be7 b4 55.axb4 a3 56.b5 a2
57.Bf6 d4 58.Bxd4 Kxh4 59.b6 Be4 {#R} 0-1

[Event "ch-POR Rapid 2017"]
[Site "masterchessopen.com Mirandela POR"]
[Date "2017.06.03"]
[Round "6.3"]
[White "Oliveira,Maria Alice Ramos Ma"]
[Black "Guimaraes,R"]
[Result "0-1"]
[WhiteElo "1561"]
[BlackElo "2141"]

1.c4 e5 2.g3 Nc6 3.Bg2 f5 4.Nc3 Bb4 5.a3 Bxc3 6.dxc3 Nf6 7.Nf3 O-O 8.Bg5 Qe8
9.b4 d6 10.Qc2 Ne4 11.Bc1 Be6 12.Nd2 Nxd2 13.Qxd2 Bxc4 14.Bd5+ Bxd5 15.Qxd5+
Kh8 16.O-O Qh5 17.Qf3 Qg6 18.Kh1 Rae8 19.Bb2 f4 20.Qg2 Qc2 21.Rab1 Qxe2
22.gxf4 Rxf4 23.Rg1 Qf3 24.Qxf3 Rxf3 25.Rg2 Ref8 26.Kg1 Rd3 27.a4 Rd2 28.Ba3
Ra2 29.Rb3 Ra1+ {#R} 0-1

[Event "11th BPB Limburg Open"]
[Site "masterchessopen.com Maastricht NED"]
[Date "2017.06.02"]
[Round "1.6"]
[White "Rybarczyk,K"]
[Black "Ernst,S"]
[Result "0-1"]
[WhiteElo "2221"]
[BlackElo "2535"]

1.c4 e5 2.g3 d6 3.Bg2 f5 4.d4 Be7 5.dxe5 dxe5 6.Qxd8+ Bxd8 7.Nc3 Na6 8.Nf3 e4
9.Nd4 c6 10.O-O Nf6 11.a3 O-O 12.b4 c5 13.bxc5 Nxc5 14.Bf4 Ne6 15.e3 Nxf4
16.gxf4 Bd7 17.Rfb1 b6 18.Bf1 g6 19.a4 Rc8 20.Ncb5 Ra8 21.Nc3 Kg7 22.a5 Re8
23.Nc2 Rc8 24.Nd4 Ra8 25.Ncb5 Bxb5 26.Rxb5 Rc8 27.Rbb1 Re7 28.Rd1 bxa5 29.Nb3
Rb7 30.Nd4 Kf7 31.Nb5 Be7 32.Rxa5 Bc5 33.Ra6 Nd7 34.Rxa7 Bxa7 35.Nd6+ Ke6
36.Nxb7 Rb8 37.Nd6 Rb2 38.Nb5 Bc5 39.Nc7+ Ke7 40.Nd5+ Kf7 41.Nc3 Nb6 42.Rc1
Ke6 43.Ra1 Rc2 44.Na4 Nd7 45.Rb1 Be7 46.Rb5 Bh4 47.Rb3 Bxf2+ 48.Kh1 h6 49.Nb6
Nf6 50.Ra3 Ng4 51.Nd5 Bh4 52.Ra6+ Kd7 53.Kg1 Bf2+ 54.Kh1 Bxe3 55.Nf6+ Nxf6
56.Rxf6 Rf2 57.Bg2 Bd4 58.Rxg6 e3 {#R} 0-1

[Event "11th BPB Limburg Open"]
[Site "masterchessopen.com Maastricht NED"]
[Date "2017.06.03"]
[Round "3.10"]
[White "Stark,L"]
[Black "Goossens,H"]
[Result "1-0"]
[WhiteElo "2394"]
[BlackElo "2149"]

1.c4 f5 2.g3 Nf6 3.Bg2 d6 4.Nc3 e5 5.d3 g6 6.e4 Nc6 7.Nge2 Bg7 8.O-O O-O 9.Nd5
Be6 10.Bg5 Qd7 11.Qd2 Nh5 12.exf5 Bxf5 13.Rae1 Rae8 14.b4 Nd8 15.b5 c6 16.bxc6
Nxc6 17.Nec3 Bg4 18.Be3 Bf3 19.Ne4 Bxg2 20.Kxg2 Nf6 21.Ndc3 b6 22.f3 Ne7
23.Bg5 Nf5 24.Qb2 Nd4 25.Bxf6 Bxf6 26.Nd5 Bg7 27.Rf2 Ne6 28.Qb4 Rd8 29.a4 Nd4
30.Qa3 Rf7 31.Ref1 Nf5 32.Qb4 Rdf8 33.Ng5 Bh6 34.Nxf7 Qxf7 35.Qe1 Qd7 36.Qe4
Qxa4 37.g4 Ng7 38.f4 exf4 39.Nxf4 Re8 40.Nd5 Bg5 41.Nc7 {#r} 1-0

[Event "10th KIIT Elite Open 2017"]
[Site "masterchessopen.com Bhubaneswar IND"]
[Date "2017.05.30"]
[Round "7.24"]
[White "Mohammad Fahad,Rahman"]
[Black "Rathanvel,V"]
[Result "0-1"]
[WhiteElo "2169"]
[BlackElo "2361"]

1.c4 e5 2.g3 Nf6 3.Nc3 Bb4 4.Bg2 O-O 5.Nd5 Nxd5 6.cxd5 c6 7.a3 Be7 8.e3 Qa5
9.Ne2 d6 10.b4 Qb6 11.O-O Bf5 12.d4 cxd5 13.Nc3 Be6 14.Bxd5 Bh3 15.Re1 exd4
16.exd4 Bf6 17.Qh5 Bd7 18.Ne4 Qxd4 19.Be3 Qe5 20.Nxf6+ Qxf6 21.Bxb7 Bc6
22.Bxa8 Bxa8 23.Qg4 Nc6 24.Qf4 Qe7 25.Bc5 Qb7 26.Qxd6 Ne7 27.Kf1 Ng6 28.Ke2
Qc8 29.Rac1 Rd8 30.Rcd1 Rxd6 31.Rxd6 Ne5 32.Kd1 Bf3+ 33.Kc1 f6 34.Rd4 Qa6
35.Re3 Qf1+ 36.Kc2 h6 37.Kb3 Qb1+ 38.Ka4 Qc2+ 39.Ka5 Bc6 40.Bxa7 Qa4+ 41.Kb6
Qb5+ 42.Kc7 Qb7+ 43.Kd6 Qd7+ 44.Kc5 Qxa7+ {#R} 0-1

[Event "ch-POR Rapid 2017"]
[Site "masterchessopen.com Mirandela POR"]
[Date "2017.06.03"]
[Round "3.1"]
[White "Pinho,T"]
[Black "Galego,L"]
[Result "0-1"]
[WhiteElo "1896"]
[BlackElo "2482"]

1.c4 e5 2.Nc3 Nc6 3.g3 f5 4.a3 a5 5.Bg2 Nf6 6.e3 g6 7.Nge2 Bg7 8.O-O O-O 9.d4
d6 10.Bd2 h5 11.Qc2 h4 12.d5 Ne7 13.b4 hxg3 14.hxg3 g5 15.f3 Bd7 16.e4 f4
17.g4 Ng6 18.Kf2 Nh4 19.Ng1 Bxg4 20.Nh3 Nxf3 21.Rh1 Nd4 22.Qd3 f3 23.Nxg5 fxg2
24.Kxg2 axb4 25.Nb5 Nxb5 26.cxb5 Nh5 27.Rh4 Nf4+ 28.Bxf4 Rxf4 29.Kg3 {#R} 0-1

[Event "10th Mayors Cup Open 2017"]
[Site "masterchessopen.com Mumbai IND"]
[Date "2017.06.05"]
[Round "3.18"]
[White "Karthikeyan,P2"]
[Black "Ajay,Karthikeyan"]
[Result "1-0"]
[WhiteElo "2502"]
[BlackElo "1988"]

1.Nf3 Nf6 2.c4 g6 3.g3 Bg7 4.Bg2 d6 5.Nc3 O-O 6.O-O Nc6 7.d3 e5 8.Rb1 Be6 9.b4
h6 10.Nd2 Qc8 11.Nd5 Re8 12.Re1 Ne7 13.Nxf6+ Bxf6 14.a4 Bg7 15.e3 Rb8 16.b5
Qd7 17.Bb2 d5 18.Qc2 g5 19.Nb3 b6 20.Rbd1 Red8 21.Ba3 c5 22.a5 Rbc8 23.Bb2 f5
24.axb6 axb6 25.Nd2 Ng6 26.cxd5 Bxd5 27.Bxd5+ Qxd5 28.Qc4 Qxc4 29.Nxc4 Rc7
30.Kf1 Kf7 31.Ke2 Rcd7 32.e4 f4 33.f3 fxg3 34.hxg3 h5 35.Bc1 Bf6 36.Be3 Rb7
37.Ra1 Be7 38.Ra6 h4 39.Rg1 Rdb8 40.Bf2 hxg3 41.Bxg3 Ke6 42.Rh1 Bf6 43.Rh6
Nf4+ 44.Bxf4 gxf4 45.Kd2 Kf7 46.Kc3 Kg7 47.Rh2 Kg6 48.Rg2+ Kh5 49.Ra1 Rd7
50.Rh1+ {#r} 1-0

[Event "10th Mayors Cup Open 2017"]
[Site "masterchessopen.com Mumbai IND"]
[Date "2017.06.05"]
[Round "2.33"]
[White "Pradeep,KR"]
[Black "Dahale,A"]
[Result "1-0"]
[WhiteElo "2311"]
[BlackElo "2080"]

1.Nf3 Nf6 2.c4 c5 3.g3 b6 4.Bg2 Bb7 5.O-O e6 6.Nc3 Be7 7.Re1 Ne4 8.Nxe4 Bxe4
9.d3 Bb7 10.e4 d6 11.d4 cxd4 12.Nxd4 O-O 13.b3 a6 14.Ba3 Qc7 15.Qg4 Nc6
16.Rad1 Rfd8 17.Bb2 Nxd4 18.Bxd4 e5 19.Be3 Bc8 20.Qe2 Be6 21.Rd2 Rdb8 22.Rc2
Rc8 23.Rec1 Qb7 24.f4 f6 25.f5 Bf7 26.h4 b5 27.cxb5 Rxc2 28.Qxc2 axb5 29.Qc7
Qxc7 30.Rxc7 Bf8 31.Ra7 Rxa7 32.Bxa7 g6 33.g4 h5 34.fxg6 Bxg6 35.gxh5 Bxh5
36.a4 b4 37.Bf1 Bf7 38.a5 Bxb3 39.a6 Bc2 40.Be3 b3 41.Bc4+ Kh8 42.Bxb3 Bxe4
43.Be6 d5 44.Bd4 {#r} 1-0

[Event "10th Mayors Cup Open 2017"]
[Site "masterchessopen.com Mumbai IND"]
[Date "2017.06.04"]
[Round "1.4"]
[White "Mahalakshmi,M"]
[Black "Rahman,Zia"]
[Result "0-1"]
[WhiteElo "2180"]
[BlackElo "2526"]

1.Nf3 c5 2.c4 Nc6 3.Nc3 Nd4 4.e3 Nxf3+ 5.Qxf3 d6 6.d4 g6 7.Bd3 Bg7 8.O-O Nf6
9.Bc2 O-O 10.h3 Qc7 11.d5 a6 12.a4 e5 13.dxe6 Bxe6 14.Nd5 Bxd5 15.cxd5 b5
16.e4 Nd7 17.Qe2 Rab8 18.f4 c4 19.Ra3 Rfe8 20.Rg3 Qc5+ 21.Be3 Bd4 22.f5 Bxe3+
23.Rxe3 Qd4 24.Kh1 Qxb2 25.axb5 axb5 26.f6 Qe5 27.Qf2 h6 28.Rg3 Kh7 29.Qe3 Ra8
30.Rf5 Ra1+ 31.Kh2 gxf5 {#R} 0-1

[Event "52nd Capablanca Mem Elite"]
[Site "masterchessopen.com Matanzas CUB"]
[Date "2017.06.03"]
[Round "7.2"]
[White "Cordova,E"]
[Black "Shankland,S"]
[Result "0-1"]
[WhiteElo "2645"]
[BlackElo "2676"]

1.Nf3 c5 2.c4 Nc6 3.d4 cxd4 4.Nxd4 Nf6 5.Nc3 e6 6.Bg5 Be7 7.e3 Qa5 8.Nb5 O-O
9.Bf4 a6 10.Nd6 e5 11.Bg5 Bxd6 12.Bxf6 Bb4 13.Qg4 g6 14.Qh4 Bxc3+ 15.Ke2 Nd4+
16.exd4 exd4 17.Kf3 Bxb2 18.Bd3 Bxa1 19.Rxa1 Qd2 20.Qxd4 b5 21.c5 Bb7+ 22.Kg3
Rae8 23.Rb1 Be4 24.Rb3 Qxa2 25.Qc3 Bxd3 26.Qxd3 Qe2 27.Qc3 Qc4 28.Qxc4 bxc4
29.Rc3 Re6 30.Bd4 Rc6 31.Be3 Rfc8 32.Rxc4 d6 {#R} 0-1

[Event "10th KIIT Elite Open 2017"]
[Site "masterchessopen.com Bhubaneswar IND"]
[Date "2017.06.01"]
[Round "9.5"]
[White "Rahman,Zia"]
[Black "Krishna Teja,N"]
[Result "1-0"]
[WhiteElo "2526"]
[BlackElo "2406"]

1.c4 c5 2.g3 g6 3.Bg2 Bg7 4.Nc3 Nc6 5.Nf3 e5 6.O-O Nge7 7.a3 d5 8.cxd5 Nxd5
9.Nxe5 Nxc3 10.Nxc6 Nxd1 11.Nxd8 Nxb2 12.Nxb7 Bxb7 13.Bxb7 Rb8 14.Bd5 Nd3
15.Ra2 Nxc1 16.Rxc1 Bf8 17.Rc4 Rb6 18.Ra4 a6 19.Bc4 Bd6 20.Rxa6 Rxa6 21.Bxa6
Kd7 22.Bc4 f6 23.a4 Rb8 24.a5 Rb1+ 25.Kg2 Bb8 26.a6 Ba7 27.h4 Kd6 28.Bg8 {#r}
1-0

[Event "10th KIIT Elite Open 2017"]
[Site "masterchessopen.com Bhubaneswar IND"]
[Date "2017.06.01"]
[Round "9.21"]
[White "Mohammad Fahad,Rahman"]
[Black "Rishi,S"]
[Result "0-1"]
[WhiteElo "2169"]
[BlackElo "2390"]

1.c4 c5 2.g3 Nc6 3.Nc3 g6 4.Bg2 Bg7 5.Nf3 d6 6.O-O Bf5 7.a3 Qd7 8.Nd5 Rc8 9.d3
Bh3 10.Rb1 Bxg2 11.Kxg2 e6 12.Nc3 Nge7 13.Bd2 O-O 14.b4 b6 15.b5 Nd4 16.Nxd4
cxd4 17.Na4 d5 18.Qb3 dxc4 19.dxc4 Nf5 20.Kg1 e5 21.Rfc1 e4 22.e3 Rfd8 23.c5
Nh6 24.exd4 Nf5 25.c6 Qe7 26.Be3 Nxd4 27.Bxd4 Bxd4 28.Re1 Re8 29.Rbd1 Qe5
30.Qc4 Red8 31.Kg2 a6 32.Rb1 axb5 33.Rxb5 Qf6 34.Rxe4 Qxf2+ 35.Kh3 Rxc6 36.Qe2
Qf6 37.Nb2 Rc5 38.Rxc5 bxc5 39.Nc4 Qf5+ 40.Kg2 Qd5 41.Kh3 Kg7 42.Re7 Bf6
43.Re4 Rb8 44.Rf4 Bd4 45.Re4 Qd7+ 46.Kg2 Rb1 47.h4 Rg1+ 48.Kf3 Qf5+ 49.Rf4
Qd5+ 50.Re4 f5 {#R} 0-1

[Event "10th Mayors Cup Open 2017"]
[Site "masterchessopen.com Mumbai IND"]
[Date "2017.06.05"]
[Round "2.2"]
[White "Ghosh,D"]
[Black "Karthik,V4"]
[Result "1-0"]
[WhiteElo "2569"]
[BlackElo "2317"]

1.d4 Nf6 2.c4 g6 3.Nf3 Bg7 4.g3 O-O 5.Bg2 c5 6.Nc3 Nc6 7.O-O d6 8.dxc5 dxc5
9.Be3 Qa5 10.Qb3 Ng4 11.Bd2 Nd4 12.Qd1 Nxf3+ 13.exf3 Ne5 14.Nd5 Qd8 15.Bg5 f6
16.Be3 e6 17.Nc3 Qe7 18.Qb3 Nc6 19.f4 Nd4 20.Qa3 Rd8 21.Rad1 Bf8 22.Rd2 Qf7
23.Ne4 e5 24.fxe5 fxe5 25.Bg5 Be7 26.Bxe7 Qxe7 27.Kh1 Be6 28.Qxc5 Qxc5 29.Nxc5
Bxc4 30.Re1 Nf5 31.Rxd8+ Rxd8 32.b3 Bf7 33.Bxb7 Rd2 34.Kg2 Rxa2 35.Rxe5 Rb2
36.g4 Nd6 37.Bf3 Kg7 38.Re7 Rc2 39.Ne4 Kf8 40.Rxa7 Nxe4 41.Bxe4 Rb2 42.Rb7
Rxb3 43.Rxf7+ {#r} 1-0

[Event "10th Mayors Cup Open 2017"]
[Site "masterchessopen.com Mumbai IND"]
[Date "2017.06.04"]
[Round "1.20"]
[White "Tarini,Goyal"]
[Black "Das,Say"]
[Result "0-1"]
[WhiteElo "2084"]
[BlackElo "2396"]

1.d4 e6 2.c4 b6 3.Nc3 Bb7 4.e4 Bb4 5.Bd3 f5 6.Qh5+ g6 7.Qe2 Nf6 8.e5 Bxg2
9.exf6 Qxf6 10.Bf4 Nc6 11.O-O-O Bxh1 12.Nd5 Bxd5 13.cxd5 Nxd4 14.Qe5 Be7
15.Ba6 c5 16.Bb7 Qxe5 17.Bxe5 Kf7 18.Bxa8 Rxa8 19.dxe6+ dxe6 20.Bxd4 cxd4
21.Rxd4 Rc8+ 22.Kd1 e5 23.Rd7 Rd8 24.Rxd8 Bxd8 25.Nf3 Ke6 26.Ke2 Kd5 27.Ne1 g5
28.Nc2 g4 29.Nb4+ Kd6 30.f3 h5 31.b3 Bg5 32.fxg4 hxg4 33.Kf2 Bf4 34.Kg2 Bd2
35.Nc2 e4 36.h3 gxh3+ 37.Kxh3 e3 38.Kg3 e2 39.Kf2 e1=Q+ 40.Nxe1 Bxe1+ 41.Kxe1
Kc5 42.a3 Kd4 43.Kd2 b5 {#R} 0-1

[Event "10th KIIT Elite Open 2017"]
[Site "masterchessopen.com Bhubaneswar IND"]
[Date "2017.06.02"]
[Round "10.23"]
[White "Rajesh,VA"]
[Black "Singh,Y"]
[Result "1-0"]
[WhiteElo "2314"]
[BlackElo "2134"]

1.d4 g6 2.Nf3 Bg7 3.c4 d6 4.Nc3 e5 5.Bg5 f6 6.Bd2 Nc6 7.d5 Nce7 8.e4 f5 9.exf5
gxf5 10.Ng5 Nf6 11.g3 O-O 12.Bg2 Ng6 13.O-O h6 14.Ne6 Bxe6 15.dxe6 c6 16.Qc1
Qe8 17.Bxh6 Qxe6 18.Bh3 Kf7 19.Bxg7 Kxg7 20.Qg5 Nh7 21.Qd2 Rad8 22.b3 d5
23.cxd5 cxd5 24.Rac1 d4 25.Nb5 a6 26.Nc7 Qd6 27.Qa5 Ng5 28.Bg2 e4 29.h4 Nh7
30.Rc4 Kg8 31.Rd1 d3 32.Qc3 Rd7 33.Rc5 Ne7 34.Qc4+ Rf7 35.Ne8 Qb8 36.Nc7 b6
37.Nxa6 Qb7 38.Rc7 Rxc7 39.Nxc7 {#r} 1-0

[Event "Mateu Chalmeta Mem 2017"]
[Site "masterchessopen.com Sant Boi ESP"]
[Date "2017.06.02"]
[Round "7.3"]
[White "Gonzalez,RO"]
[Black "Morros Faura,R"]
[Result "0-1"]
[WhiteElo "2205"]
[BlackElo "2256"]

1.d4 g6 2.Nc3 d6 3.Bf4 Nf6 4.Qd2 c6 5.e4 Nbd7 6.f3 e5 7.Be3 Bg7 8.Nh3 O-O
9.Nf2 b5 10.Be2 b4 11.Ncd1 c5 12.dxc5 dxc5 13.a3 a5 14.O-O Ba6 15.axb4 cxb4
16.Nd3 Qc7 17.N1f2 Rfb8 18.Rfc1 Bf8 19.g4 Ne8 20.Kg2 Nd6 21.b3 Nb5 22.h4 Rc8
23.h5 Na3 24.hxg6 hxg6 25.Bh6 Be7 26.f4 Qc3 27.fxe5 Qxd2 28.Bxd2 Nxe5 29.c4
Nc6 30.g5 Nd4 31.Bd1 Bb7 32.Ra2 Ne6 33.Bg4 Rd8 34.Bxe6 fxe6 35.Re1 Kg7 36.Bc1
Ra6 37.Bb2+ Kg8 38.Kg3 Nc2 39.Rh1 Nd4 40.Rh6 e5 41.Nxe5 Bxg5 42.Rxg6+ Rxg6
43.Nxg6 Nxb3 44.Kg4 Rd2 45.Nh3 Bd8 46.e5 Bc8+ 47.Kg3 Rd3+ 48.Kf4 Rxh3 49.Ba1
Kg7 50.e6+ Kxg6 51.Rg2+ Kh6 52.Bg7+ Kh7 53.Kf5 Nc5 {#R} 0-1

[Event "11th BPB Limburg Open"]
[Site "masterchessopen.com Maastricht NED"]
[Date "2017.06.05"]
[Round "7.4"]
[White "Vrolijk,Liam"]
[Black "Berend,F"]
[Result "1-0"]
[WhiteElo "2401"]
[BlackElo "2346"]

1.d4 d6 2.g3 Nf6 3.Bg2 c6 4.e4 Nbd7 5.Nc3 e5 6.Nge2 b5 7.a3 Bb7 8.h3 a5 9.O-O
Be7 10.g4 b4 11.axb4 axb4 12.Rxa8 Qxa8 13.Nb1 Nf8 14.Ng3 Ne6 15.c3 Qa2 16.Be3
Ba6 17.Re1 g6 18.d5 cxd5 19.exd5 Nc7 20.cxb4 O-O 21.Nc3 Qxb2 22.Qa1 Qxa1
23.Rxa1 Rb8 24.Rb1 Bd3 25.Rb2 Nd7 26.Bf1 Bxf1 27.Kxf1 Nb5 28.Nge2 f5 29.Nxb5
Rxb5 30.Nc3 Rb7 31.Ra2 Kf7 32.Ra7 Rxa7 33.Bxa7 Ke8 34.f3 Kd8 35.gxf5 gxf5
36.Ke2 Kc7 37.Kd3 Kb7 38.Bf2 Nf8 39.Ne2 Ng6 40.Kc4 Bd8 41.Kb5 Bg5 42.Bg3 Be3
43.Be1 Kc7 44.Ka6 Ne7 45.Nc3 Nc8 46.Na4 Ne7 47.Nc3 Nc8 48.Na4 Bd4 49.b5 Ne7
50.b6+ Kb8 51.Bb4 Nc8 52.b7 e4 53.fxe4 fxe4 54.Nb6 Bxb6 {#r} 1-0

[Event "10th Mayors Cup Open 2017"]
[Site "masterchessopen.com Mumbai IND"]
[Date "2017.06.04"]
[Round "1.34"]
[White "Satkar,Chirag"]
[Black "Muthaiah,AL"]
[Result "0-1"]
[WhiteElo "2041"]
[BlackElo "2289"]

1.d4 d6 2.c4 e5 3.Nf3 e4 4.Ng5 f5 5.Nc3 Nf6 6.g3 g6 7.Bg2 Bg7 8.O-O O-O 9.f3
h6 10.Nh3 exf3 11.exf3 Be6 12.d5 Bf7 13.Be3 Re8 14.Bf2 Nbd7 15.Nf4 Ne5 16.b3
g5 17.Nfe2 Nfd7 18.Nd4 Qf6 19.Bh3 Bh5 20.Rc1 Nc5 21.g4 Ned3 22.gxh5 Nxf2
23.Kxf2 Qxd4+ 24.Qxd4 Bxd4+ 25.Kg2 Nd3 26.Bxf5 Nxc1 27.Rxc1 Bxc3 28.Rxc3 Re2+
29.Kg3 Rxa2 30.c5 Rb2 31.cxd6 cxd6 32.Be6+ Kh8 33.h4 gxh4+ 34.Kxh4 Rf8 35.Kg3
b5 36.f4 b4 37.Re3 Kg7 38.f5 Kf6 39.Bd7 Kg5 40.Re6 Rxb3+ 41.Kf2 Rxf5+ 42.Kg2
Rxd5 43.Be8 Rd2+ 44.Kf1 Rb1+ {#R} 0-1

[Event "9th Lublin GM 2017"]
[Site "masterchessopen.com Lublin POL"]
[Date "2017.06.04"]
[Round "1.1"]
[White "Natsidis,C"]
[Black "Nguyen,P"]
[Result "0-1"]
[WhiteElo "2312"]
[BlackElo "2438"]

1.d4 d6 2.e4 Nf6 3.f3 Nbd7 4.c4 e5 5.Ne2 Be7 6.Be3 O-O 7.Nbc3 c6 8.d5 cxd5
9.cxd5 Nh5 10.Qd2 Nb6 11.b3 a5 12.g3 a4 13.Rc1 axb3 14.axb3 Nd7 15.b4 h6
16.Nb5 Nb8 17.Nec3 Bg5 18.Bxg5 hxg5 19.Be2 Na6 20.Rb1 Nc7 21.Qe3 Nxb5 22.Nxb5
Bh3 23.Rc1 g6 24.Kd2 g4 25.fxg4 Nf6 26.g5 Ra2+ 27.Kd3 Nxe4 28.Kxe4 Bg2+ 29.Kd3
Qd7 30.Nc3 Qf5+ 31.Kc4 Ra3 32.b5 Bxh1 33.Kb4 Rfa8 34.g4 Qc8 35.b6 Bxd5 {#R}
0-1

[Event "11th BPB Limburg Open"]
[Site "masterchessopen.com Maastricht NED"]
[Date "2017.06.04"]
[Round "5.6"]
[White "Coenen,E"]
[Black "Beerdsen,Thomas"]
[Result "0-1"]
[WhiteElo "2093"]
[BlackElo "2455"]

1.d4 Nf6 2.Bf4 e6 3.e3 c5 4.c3 Nc6 5.Nd2 Be7 6.Ngf3 Nh5 7.Bg3 Nxg3 8.hxg3 d5
9.Bb5 Bd7 10.Bxc6 Bxc6 11.Ne5 Bf6 12.Ng4 Be7 13.Nf3 Qb6 14.Qc2 O-O-O 15.Nge5
Be8 16.dxc5 Bxc5 17.b4 Bd6 18.Rc1 f6 19.Nd3 e5 20.Nc5 Bg6 21.Na4 Qc6 22.Qb3
Kb8 23.O-O Bd3 24.Rfd1 Bc4 25.Qc2 h5 26.Nb2 h4 27.gxh4 g5 28.Nxc4 dxc4 29.b5
Qc8 30.b6 g4 31.bxa7+ Ka8 32.Nd2 Rxh4 33.g3 Rh3 34.Qe4 f5 35.Qxc4 Bc5 36.Nb3
Rdh8 37.Kf1 Qc6 38.e4 f4 39.Nxc5 f3 40.Ke1 Qh6 {#R} 0-1

[Event "10th Mayors Cup Open 2017"]
[Site "masterchessopen.com Mumbai IND"]
[Date "2017.06.04"]
[Round "1.14"]
[White "Singh,DP"]
[Black "Nitin,S"]
[Result "0-1"]
[WhiteElo "2132"]
[BlackElo "2426"]

1.d4 Nf6 2.Bf4 g6 3.e3 Bg7 4.Nf3 O-O 5.h3 d6 6.Be2 Nfd7 7.O-O e5 8.Bg5 f6
9.Bh4 Nc6 10.c3 g5 11.Bg3 f5 12.dxe5 dxe5 13.Na3 Qe7 14.Re1 Nc5 15.Qc2 e4
16.Nd4 f4 17.Bh2 f3 18.Bc4+ Kh8 19.b4 Nd3 20.Bxd3 exd3 21.Qxd3 fxg2 22.Nab5
Ne5 23.Qc2 Bxh3 24.f4 a6 25.Na3 Ng6 26.Bg3 c5 27.Nf3 gxf4 28.exf4 Qd7 29.Ng5
cxb4 30.Nc4 bxc3 31.Rad1 Qg4 32.Kh2 Qf5 33.Qc1 Bg4 34.Nd6 Qc5 35.Rd3 h6
36.Ngf7+ Kh7 37.Kxg2 Rxf7 38.Nxf7 Qc4 39.f5 Bxf5 {#R} 0-1

[Event "10th Mayors Cup Open 2017"]
[Site "masterchessopen.com Mumbai IND"]
[Date "2017.06.04"]
[Round "1.32"]
[White "Alahakoon,I"]
[Black "Pradeep,KR"]
[Result "1-0"]
[WhiteElo "2047"]
[BlackElo "2311"]

1.d4 Nf6 2.Bf4 g6 3.Nc3 d5 4.e3 Bg7 5.h4 c5 6.Nb5 Na6 7.c3 O-O 8.Be2 h5 9.Nf3
Ng4 10.Ne5 cxd4 11.Nxg4 Bxg4 12.Bxg4 hxg4 13.cxd4 Qb6 14.Nc3 Rad8 15.Rb1 Qe6
16.h5 Nb4 17.a3 Nc6 18.Kf1 Qf5 19.Ne2 e5 20.dxe5 d4 21.Ng3 Qe6 22.e4 Nxe5
23.Rc1 Qa6+ 24.Kg1 Nd3 25.Bg5 Nxc1 26.Qxc1 Rc8 27.Qd1 Qe6 28.Rh4 Bf6 29.Bxf6
Qxf6 30.Rxg4 Rc5 31.Qb3 Rg5 32.Rxg5 Qxg5 33.hxg6 Qxg6 34.Nf5 Qg5 35.g3 Rd8
36.f4 Qf6 37.Qd3 Kf8 38.a4 Qc6 39.Qa3+ {#r} 1-0

[Event "11th BPB Limburg Open"]
[Site "masterchessopen.com Maastricht NED"]
[Date "2017.06.03"]
[Round "2.2"]
[White "Bauer,Ch"]
[Black "Berend,F"]
[Result "1-0"]
[WhiteElo "2630"]
[BlackElo "2346"]

1.d4 Nf6 2.Bf4 d5 3.e3 c5 4.Nc3 e6 5.Nb5 Na6 6.c3 Qb6 7.a4 Be7 8.Nf3 O-O 9.Ne5
Ne4 10.Bd3 f6 11.Nc4 Qd8 12.Bxe4 dxe4 13.Ncd6 cxd4 14.exd4 g5 15.Bg3 f5 16.Be5
Bxd6 17.Nxd6 Nc7 18.Qh5 Nd5 19.Qh6 Qe7 20.h4 g4 21.Qg5+ Qxg5 22.hxg5 Ne7
23.Rh6 Ng6 24.Kd2 Rd8 25.Rah1 Nf8 26.g6 Rd7 27.Ne8 hxg6 28.Nf6+ Kf7 29.Rh7+
{#r} 1-0

[Event "10th KIIT Elite Open 2017"]
[Site "masterchessopen.com Bhubaneswar IND"]
[Date "2017.06.01"]
[Round "9.22"]
[White "Neelash,Saha"]
[Black "Rathnakaran,K"]
[Result "0-1"]
[WhiteElo "2191"]
[BlackElo "2378"]

1.d4 Nf6 2.Bg5 c5 3.Bxf6 gxf6 4.d5 Qb6 5.Qc1 f5 6.c4 Bg7 7.Nc3 Na6 8.e3 e5
9.Qc2 Qg6 10.a3 d6 11.g3 Nc7 12.Bd3 a6 13.Qb3 O-O 14.Nf3 b5 15.cxb5 axb5
16.Nxb5 Rb8 17.a4 Nxd5 18.Nh4 Qf6 19.Bxf5 Ne7 20.Bxc8 Rfxc8 21.e4 d5 22.exd5
c4 23.Qd1 Rd8 24.d6 Nc8 25.Qg4 Nxd6 26.Nxd6 Rxd6 27.Qxc4 Rxb2 28.O-O Rdd2
29.Qc8+ Bf8 30.Qg4+ Qg7 31.Qxg7+ Kxg7 32.Nf5+ Kg6 33.Ne3 Re2 34.Nd1 Rbc2 35.a5
Bc5 36.a6 Ba7 37.Rb1 Bd4 38.Rb3 f5 39.Kg2 Ra2 40.Nc3 Rxf2+ 41.Rxf2 Rxf2+
42.Kh3 Rc2 43.Ra3 Ba7 44.g4 f4 45.Ne4 Bg1 46.g5 Kh5 47.Nf6+ Kxg5 48.Ne4+ Kh5
49.Nf6+ Kg5 50.Ne4+ Kf5 51.Nd6+ Ke6 52.Nb5 h5 53.Kh4 Kf5 54.h3 Kg6 55.Rf3 Bc5
56.Rf1 Be7# 0-1

[Event "10th KIIT Elite Open 2017"]
[Site "masterchessopen.com Bhubaneswar IND"]
[Date "2017.05.30"]
[Round "7.21"]
[White "Aronyak,Ghosh"]
[Black "Krishna Teja,N"]
[Result "0-1"]
[WhiteElo "2191"]
[BlackElo "2406"]

1.d4 Nf6 2.Bf4 d5 3.e3 c5 4.Nc3 a6 5.dxc5 Qa5 6.Bd3 Nc6 7.Qd2 e5 8.Bg5 Be6
9.e4 dxe4 10.Nxe4 Nxe4 11.Bxe4 Qxd2+ 12.Bxd2 Bxc5 13.Nf3 O-O-O 14.O-O-O f6
15.Be3 Bxe3+ 16.fxe3 Ne7 17.Bd3 Rd7 18.a3 h5 19.h3 h4 20.Rhe1 Bd5 21.Be2 Be4
22.Rxd7 Kxd7 23.Rd1+ Kc7 24.Bd3 Bc6 25.e4 Ng6 26.Re1 Nf4 27.Bf1 b5 28.Kd2 Kd6
29.Ke3 g6 30.Rd1+ Ke6 31.Ne1 f5 32.Nd3 Nxd3 33.cxd3 b4 34.axb4 Rd8 35.Rc1 Bb5
36.Be2 Rd4 37.Rc3 Rxb4 38.exf5+ gxf5 39.b3 e4 40.Kf2 Kd5 41.dxe4+ Kd4 42.Bxb5
Kxc3 43.Bxa6 Rxe4 44.Bc8 Kd4 45.Kf3 Ke5 46.Ba6 Re1 47.Bc4 Rc1 48.Kf2 Ke4
49.Be2 Rb1 50.b4 Kf4 51.b5 Rb2 {#R} 0-1

[Event "10th Mayors Cup Open 2017"]
[Site "masterchessopen.com Mumbai IND"]
[Date "2017.06.05"]
[Round "2.31"]
[White "Barath,Kalyan M"]
[Black "Hossain,Enam"]
[Result "0-1"]
[WhiteElo "2024"]
[BlackElo "2452"]

1.d4 Nf6 2.Nf3 e6 3.e3 b6 4.Bd3 Bb7 5.O-O Be7 6.b3 O-O 7.Bb2 c5 8.Nbd2 Nc6
9.a3 a6 10.c4 cxd4 11.Nxd4 Qc7 12.b4 Ne5 13.Be2 d6 14.Rc1 Rac8 15.f4 Ned7
16.Bf3 Rfe8 17.Bxb7 Qxb7 18.b5 d5 19.a4 Nc5 20.N2f3 dxc4 21.Rxc4 Qe4 22.Qe2
Nd5 23.Re1 Nd3 24.Rxc8 Rxc8 25.Nd2 Qxe3+ 26.Qxe3 Nxe3 27.Nc6 Nd5 28.Rb1 Bc5+
29.Kf1 axb5 30.axb5 N3xf4 31.Ne4 Bf8 32.g3 Nd3 33.Bd4 Ra8 34.Ke2 N3b4 35.Nxb4
Bxb4 36.Bxb6 f5 37.Rxb4 fxe4 38.Rxe4 Nc3+ 39.Kd3 Nxe4 40.Kxe4 Rb8 41.Bc7 Rxb5
42.h4 Kf7 43.Bd6 h5 44.Bc7 Rb4+ 45.Kf3 Kf6 46.Bd6 Rc4 47.Ke3 Kf5 48.Bf8 g6
49.Bd6 e5 50.Kf3 Rc3+ 51.Kf2 Ke4 52.Bb8 Rc2+ 53.Kg1 Re2 54.Kf1 Kf3 55.Bd6 Rd2
56.Bxe5 Rd1# 0-1